| 000 | 00908nam a22002297a 4500 | ||
|---|---|---|---|
| 001 | 14501 | ||
| 003 | BD-JhCC | ||
| 005 | 20251229114849.0 | ||
| 008 | 251229b |||||||| |||| 00| 0 eng d | ||
| 020 | _a9789843473424 | ||
| 035 | _a(BD-JhCC)14501 | ||
| 040 |
_aBD-JhCC _dBD-JhCC |
||
| 041 | _aবাংলা | ||
| 082 |
_223 _a956.015 _bSAL 2023 |
||
| 100 | _aসাল্লাবি, আলি মুহাম্মদ | ||
| 245 |
_aউসমানি সাম্রাজ্যের ইতিহাস / _cড. আলি মুহাম্মদ সাল্লাবি |
||
| 260 |
_aঢাকাঃ _bমুহাম্মদ পাবলিকেশন, _c২০২৩ |
||
| 300 |
_a৭৪৮ পৃ.; _bill _c২২ সেমি. _eপেপার বাইন্ডিং |
||
| 650 | _aউসমানি সাম্রাজ্যের ইতিহাস | ||
| 942 |
_2ddc _cBK |
||
| 999 |
_c14501 _d14501 |
||